ბათუმის შოთა რუსთაველის სახელმწიფო უნივერსიტეტის ბიბლიოთეკა

Psycholinguistics : central topics (ბიბ.ჩანაწერი № 55462)

000 -LEADER
fixed length control field 00876nam a2200265Ia 4500
001 - CONTROL NUMBER
control field 22544
003 - CONTROL NUMBER IDENTIFIER
control field GE_BSU
005 - DATE AND TIME OF LATEST TRANSACTION
control field 20230327165349.0
008 - FIXED-LENGTH DATA ELEMENTS--GENERAL INFORMATION
fixed length control field 181216s2015||||enk|||||||||||||| ||eng||
020 ## - INTERNATIONAL STANDARD BOOK NUMBER
International Standard Book Number 9781848722347(hbk)(Volume2)
040 ## - CATALOGING SOURCE
Transcribing agency GE_BSU
080 ## - UNIVERSAL DECIMAL CLASSIFICATION NUMBER
Universal Decimal Classification number 81 G-18
100 ## - MAIN ENTRY--PERSONAL NAME
Personal name Garnham, Alan
9 (RLIN) 17293
245 ## - TITLE STATEMENT
Title Psycholinguistics : central topics
Remainder of title Volume 2 /
Statement of responsibility, etc. Alan Garnham.
264 ## - PRODUCTION, PUBLICATION, DISTRIBUTION, MANUFACTURE, AND COPYRIGHT NOTICE
Place of production, publication, distribution, manufacture London ; New York :
Name of producer, publisher, distributor, manufacturer Methuen,
Date of production, publication, distribution, manufacture, or copyright notice 2015.
300 ## - PHYSICAL DESCRIPTION
Extent xv, 269 p.;
Other physical details ill. ;
Dimensions 24 cm.
Accompanying material Name indexes.
505 ## - FORMATTED CONTENTS NOTE
Formatted contents note Bibliography p. [230]-254
653 ## - INDEX TERM--UNCONTROLLED
keyword Psycholinguistics : central topics
653 ## - INDEX TERM--UNCONTROLLED
keyword ლინგვისტიკა
653 ## - INDEX TERM--UNCONTROLLED
keyword ენათმეცნიერება
653 ## - INDEX TERM--UNCONTROLLED
keyword ფსიქოლინგვისტიკა
653 ## - INDEX TERM--UNCONTROLLED
keyword ცენტრალური თემები
942 ## - ADDED ENTRY ELEMENTS (KOHA)
Koha item type წიგნი
Source of classification or shelving scheme
ეგზემპლარები
Withdrawn status Lost status Source of classification or shelving scheme Damaged status Not for loan Permanent Location Current Location Shelving location Date acquired Cost, normal purchase price Full call number Barcode Date last seen Copy number Price effective from Koha item type Public note
          ბათუმის შოთა რუსთაველის სახელმწიფო უნივერსიტეტის მთავარი ბიბლიოთეკა ბათუმის შოთა რუსთაველის სახელმწიფო უნივერსიტეტის მთავარი ბიბლიოთეკა წიგნსაცავი 2018-12-17 159.00 81 G-18 57821 2018-12-17 57821 2018-12-17 წიგნი 159.00 GEL.
          ბათუმის შოთა რუსთაველის სახელმწიფო უნივერსიტეტის მთავარი ბიბლიოთეკა ბათუმის შოთა რუსთაველის სახელმწიფო უნივერსიტეტის მთავარი ბიბლიოთეკა წიგნსაცავი 2018-12-17 159.00 81 G-18 57822 2018-12-17 57822 2018-12-17 წიგნი 159.00 GEL.
          ბათუმის შოთა რუსთაველის სახელმწიფო უნივერსიტეტის მთავარი ბიბლიოთეკა ბათუმის შოთა რუსთაველის სახელმწიფო უნივერსიტეტის მთავარი ბიბლიოთეკა წიგნსაცავი 2018-12-17 159.00 81 G-18 57823 2018-12-17 57823 2018-12-17 წიგნი 159.00 GEL.
          ბათუმის შოთა რუსთაველის სახელმწიფო უნივერსიტეტის მთავარი ბიბლიოთეკა ბათუმის შოთა რუსთაველის სახელმწიფო უნივერსიტეტის მთავარი ბიბლიოთეკა წიგნსაცავი 2018-12-17 159.00 81 G-18 57824 2018-12-17 57824 2018-12-17 წიგნი 159.00 GEL.
          ბათუმის შოთა რუსთაველის სახელმწიფო უნივერსიტეტის მთავარი ბიბლიოთეკა ბათუმის შოთა რუსთაველის სახელმწიფო უნივერსიტეტის მთავარი ბიბლიოთეკა წიგნსაცავი 2018-12-17 159.00 81 G-18 57825 2018-12-17 57825 2018-12-17 წიგნი 159.00 GEL.